000 00490nam a22001577a 4500
005 20251108164830.0
008 250721s1988 xx 000 0 ara d
082 1 4 _a616.462/عبد
100 1 _aجنيد، عبد الله أحمد
245 1 0 _aكيف تعيش سعيداً بالرغم من الداء السكري /
264 1 _aالصفاة :
_bدار الحكمة اليمانية،
_c1988.
300 _a136ص
650 1 7 _aمرض السكر
942 _2ddc
_cBK
999 _c15431
_d15431